SAP solutions in security sector

Bibliographic Details
Main Authors: Olak, Antoni (Author), Lelito, Ryszard (Author)
Format: Article
Language:English
PhysicalDescription:Obr., sch.
ISBN:9788055703312
Subjects:

MARC

LEADER 00000naa a2200000 a 4500
001 vtls011548979
003 SK-MaSNL
005 20260319074652.0
008 160429 2012 xo 100 b eng
015 |a SNBRA 2015  |2 svkbbbg 
038 |a SVKBBBG 
040 |a SVKBBBG  |b slo  |c SVKBBBG  |e AACR2 
041 0 |a eng  |b eng 
044 |a xo  |c SK 
072 7 |a 007  |x Teória systémov. Automatické systémy. Kybernetika. Informačné systémy  |2 konspekt 
072 7 |a 004.4/.6  |x Programovanie. Softvér  |2 konspekt 
072 7 |a 351  |x Úlohy verejnej správy, správne opatrenia. Legislatíva  |2 konspekt 
080 |a [007+004]:658  |2 2001 
080 |a 004.42SAP  |2 2001 
080 |a 351.74/.75  |2 2001 
100 1 |a Olak, Antoni  |4 aut  |9 487091 
245 1 0 |a SAP solutions in security sector  |c Antoni Olak, Ryszard Lelito 
300 |b Obr., sch. 
504 |a Bibliogr. odkazy ; pozn. 
546 |a Res. angl. 
610 2 7 |a SAP (Walldorf, Nemecko)  |2 SVKBBPH  |9 771782 
650 0 7 |a podnikové informačné systémy  |2 SNKPH  |9 68605 
650 0 7 |a SAP R/3  |2 SNKPH  |9 14538 
650 0 7 |a SAP ERP  |2 SVKBBPH  |9 771783 
650 0 7 |a vnútorná bezpečnosť  |2 SNKPH  |9 99693 
650 0 7 |a bezpečnostný sektor  |2 SVKBBPH  |9 771784 
700 1 |a Lelito, Ryszard  |4 aut  |9 771785 
773 0 |t Bezpečnostné fórum 2012 : zborník príspevkov z V. medzinárodnej vedeckej konferencie. Zväzok I.  |d Banská Bystrica : Fakulta politických vied a medzinárodných vzťahov, Univerzita Mateja Bela, 2012  |g S. 431-439  |z 9788055703312 
852 |a SVKBB  |b KIS3GCP 
958 |a NB 
999 |c 1220595  |d 1222525